| 000 | 01720cam a22004334i 4500 | ||
|---|---|---|---|
| 003 | PE-LiUPU | ||
| 005 | 20250804171758.0 | ||
| 008 | 150625s1966 gw r 000 0 eng d | ||
| 035 | _a(Sirsi) a31209 | ||
| 040 |
_aPE-LiUPU _bspa _cPE-LiUPU _erda |
||
| 049 | _aPRUA | ||
| 082 | 0 | 4 |
_a220.48 _bK96g _221 |
| 100 | 1 |
_aKurt, Aland, _eautor. |
|
| 245 | 1 | 4 |
_aThe Greek New Testament / _cAland Kurt. |
| 264 | 1 |
_aStuttgart : _bUnited Bible societies, _c1966. |
|
| 300 |
_a203 páginas ; _c19 centímetros |
||
| 336 |
_atext _2rdacontent |
||
| 337 |
_aunmediated _2rdamedia |
||
| 338 |
_avolume _2rdacarrier |
||
| 505 | 0 | _aThe text -- The textual apparatus -- The discourse segmentation apparatus -- The cross reference system -- Maste list of symbols and abbreviations -- Select bibliography -- Text and apparatus -- Index of quotations -- Index of allusions and verbal parallels -- Principal manuscript and versions cites in the tesxtual apparatus -- Principal symbols and abreviations -- Maps Index. | |
| 526 | _aSEG42 | ||
| 526 | _aSEG41 | ||
| 526 | _aSEG40 | ||
| 526 | _aSEG39 | ||
| 526 | _aP94 | ||
| 526 | _aP87 | ||
| 526 | _aP86 | ||
| 526 | _aP85 | ||
| 526 | _aP77 | ||
| 526 | _aP76 | ||
| 526 | _aP35 | ||
| 630 | 1 | 4 |
_aBiblia. _pNuevo Testamento _lGriego _vTextos. _96316 |
| 630 | 2 | 4 |
_aBiblia. _pNuevo Testamento _lGriego _xCrítica textual. _96317 |
| 630 | 2 | 4 |
_aBiblia. _pNuevo Testamento _lGriego _xConcordancias e índices. _96318 |
| 942 |
_2ddc _cBK |
||
| 949 |
_a220.48 K96 / 1966 _wDEWEY _c1 _i36777 _lCCODEBUL1 _mBUL _p00.00 _r0 _sY _tBOOK _u2015-06-25 _xBIBLIOTECA _zUNKNOWN _0COMPRA _o.STAFF. Colección General |
||
| 980 |
_818226 _gJaime Vilcazán Jefe de Análisis Documental |
||
| 999 |
_c38738 _d38738 |
||